Lotus 1-2-3 for windows

Bibliographic Details
Main Author: O'Leary, Timothy J
Other Authors: O'Leary, Linda I
Format: Book
Published: s.l : McGraw-Hill , 1993
Subjects:

MARC

LEADER 00000cam a2200000 7i4500
001 0000003076
002 000003329
005 20000330.0
020 |a 0070488797 
090 0 0 |a 650.02855369   |b OLE 
100 1 |a O'Leary, Timothy J 
245 1 0 |a Lotus 1-2-3 for windows   |c Timothy J.O'Leary and Linda I.O'Leary 
260 |a s.l :   |b McGraw-Hill ,   |c 1993 
300 |a 223p. ;   |c 23cm. 
650 0 0 |a Lotus 1-2-3 (Windows application) 
700 1 |a O'Leary, Linda I 
999 |a 036633   |b BUKU   |c PINJAMAN   |e PERPUSTAKAAN KOMUNITI PETALING JAYA